<?xml version="1.0" encoding="UTF-8"?>
<record
    xmlns:xsi="http://www.w3.org/2001/XMLSchema-instance"
    xsi:schemaLocation="http://www.loc.gov/MARC21/slim http://www.loc.gov/standards/marcxml/schema/MARC21slim.xsd"
    xmlns="http://www.loc.gov/MARC21/slim">

  <leader>02081cam a2200241zi 4500</leader>
  <controlfield tag="001">17606783</controlfield>
  <controlfield tag="005">20250616124143.0</controlfield>
  <controlfield tag="008">240106t20242024enka     b    001 0 eng d</controlfield>
  <datafield tag="020" ind1=" " ind2=" ">
    <subfield code="a">9781399623766</subfield>
  </datafield>
  <datafield tag="035" ind1=" " ind2=" ">
    <subfield code="a">(NhCcYBP)om4696346400</subfield>
  </datafield>
  <datafield tag="035" ind1=" " ind2=" ">
    <subfield code="a">17606783</subfield>
  </datafield>
  <datafield tag="040" ind1=" " ind2=" ">
    <subfield code="a">NhCcYBP</subfield>
    <subfield code="b">eng</subfield>
    <subfield code="e">rda</subfield>
    <subfield code="c">NhCcYBP</subfield>
  </datafield>
  <datafield tag="041" ind1=" " ind2=" ">
    <subfield code="a">eng</subfield>
  </datafield>
  <datafield tag="050" ind1=" " ind2="4">
    <subfield code="a">GT596</subfield>
    <subfield code="b">.S56 2024</subfield>
  </datafield>
  <datafield tag="100" ind1=" " ind2=" ">
    <subfield code="a">Sims, Josh</subfield>
    <subfield code="e">author.</subfield>
    <subfield code="0">http://id.loc.gov/authorities/names/no00026953</subfield>
    <subfield code="1">https://id.oclc.org/worldcat/entity/E39PCjCcwwBhXRGRXwGG3wYfD3</subfield>
    <subfield code="9">23724</subfield>
  </datafield>
  <datafield tag="245" ind1="1" ind2="0">
    <subfield code="a">Icons of style </subfield>
    <subfield code="b">: in 100 garments </subfield>
    <subfield code="c">/ Josh Sims.</subfield>
  </datafield>
  <datafield tag="264" ind1=" " ind2="1">
    <subfield code="a">London :</subfield>
    <subfield code="b">Laurence King, an imprint of the Orion Group Publishing Group Ltd.,</subfield>
    <subfield code="c">2024.</subfield>
  </datafield>
  <datafield tag="264" ind1=" " ind2="4">
    <subfield code="c">&#xA9;2024</subfield>
  </datafield>
  <datafield tag="300" ind1=" " ind2=" ">
    <subfield code="a">368 pages :</subfield>
    <subfield code="b">illustrations (chiefly color) ;</subfield>
    <subfield code="c">26 cm</subfield>
  </datafield>
  <datafield tag="520" ind1=" " ind2=" ">
    <subfield code="a">Behind nearly every item in the modern wardrobe is a 'first of its kind' - the definitive item, often designed by a single company or brand for specialist use, on which all subsequent versions have been based (and originals of which are now collector items in the booming vintage market). The T-shirt, for example, may now be an innocuous, everyday item, but was created by American company Hanes for US Navy personnel at the turn of the 20th century and was subsequently adopted by sportsmen and bikers. Other items have been designed for sport, farm work or protection, and made their way into everyday usage. Icons of Style examines, garment by garment, the most important and famous of these products - their provenance and history, the stories of their design, the brand/company that started it all and how the item shaped the way we all dress today. As traditional definitions of men's and women's clothes are fast changing, this book combines all key garments for everyone.

Inspiring images of the best examples of the garment - from the 1930s to contemporary times, from Marlene Dietrich to Mick Jagger - show the timeless beauty of these garments that are the basics of the stylish.</subfield>
  </datafield>
  <datafield tag="650" ind1=" " ind2="0">
    <subfield code="a">Fashion</subfield>
    <subfield code="x">History</subfield>
    <subfield code="0">http://id.loc.gov/authorities/subjects/sh2008103592</subfield>
    <subfield code="9">9682</subfield>
  </datafield>
  <datafield tag="942" ind1=" " ind2=" ">
    <subfield code="2">lcc</subfield>
  </datafield>
  <datafield tag="952" ind1=" " ind2=" ">
    <subfield code="0">0</subfield>
    <subfield code="1">0</subfield>
    <subfield code="2">lcc</subfield>
    <subfield code="4">0</subfield>
    <subfield code="7">0</subfield>
    <subfield code="a">TBS</subfield>
    <subfield code="b">TBS</subfield>
    <subfield code="d">2025-06-13</subfield>
    <subfield code="l">0</subfield>
    <subfield code="o">GT596 SIM</subfield>
    <subfield code="p">B05738</subfield>
    <subfield code="r">2025-06-13</subfield>
    <subfield code="t">1</subfield>
    <subfield code="w">2025-06-13</subfield>
    <subfield code="y">1</subfield>
  </datafield>
  <datafield tag="999" ind1=" " ind2=" ">
    <subfield code="c">4735</subfield>
    <subfield code="d">4735</subfield>
  </datafield>
</record>
